Sprievodca štúdiom na Fakulte hospodárskej informatiky Ekonomickej univerzity v Bratislave akademický rok 2019/2020

Guardado en:
Detalles Bibliográficos
Autor Corporativo: Ekonomická univerzita v Bratislave. Fakulta hospodárskej informatiky
Otros Autores: Ondrušová, Lucia, 1981-, Čajkovičová, Jana, 1964-
Formato: Libro
Lenguaje:eslovaco
Publicado: Bratislava Vydavateľstvo EKONÓM 2019
Edición:1. vydanie
Materias:
Etiquetas: Agregar Etiqueta
Sin Etiquetas, Sea el primero en etiquetar este registro!

MARC

LEADER 00000nam$a2200000$$$4500
001 0259051
005 20240318125912.8
020 |a 978-80-225-4632-4 
041 0 |a slo 
044 |a SK 
245 1 0 |a Sprievodca štúdiom na Fakulte hospodárskej informatiky Ekonomickej univerzity v Bratislave  |b akademický rok 2019/2020  |c zostavili: Lucia Ondrušová, Jana Čajkovičová 
250 |a 1. vydanie 
264 1 |a Bratislava  |b Vydavateľstvo EKONÓM  |c 2019 
300 |a 142 s. 
610 2 0 |a univerzity 
610 2 0 |a vzdelávanie vysokoškolské 
610 2 0 |a programy študijné 
610 2 0 |a plán učebný 
610 2 0 |a štruktúra organizačná 
700 1 |a Ondrušová, Lucia, 1981- 
700 1 |a Čajkovičová, Jana, 1964- 
710 2 |a Ekonomická univerzita v Bratislave. Fakulta hospodárskej informatiky